Top 10 Most Champions League Winners - Statistics

General Stats
  • This quiz has been taken 43 times
  • The average score is 9 of 10
Answer Stats
Titles Answer % Correct
7 AC Milan
100%
6 Liverpool
100%
15 Real Madrid
100%
5 Barcelona
97%
6 Bayern Munich
97%
3 Inter MIlan
94%
2 Chelsea
92%
3 Manchester United
81%
2 Juventus
78%
4 Ajax
72%
No matching quizzes found
Score Distribution
Percent of People with Each Score
Percentile by Number Answered
Your Score History
You have not taken this quiz